| 000 | 01032cab a2200373 4500 | ||
|---|---|---|---|
| 001 | ABS54290 | ||
| 008 | 090401t1996 xxu||||| |||| 00| 0 eng d | ||
| 035 | _a(Sirsi) u9588 | ||
| 041 | _aeng | ||
| 245 | _aFocus` 96: East and West Sussex | ||
| 260 | _c1996 | ||
| 350 | _a0 | ||
| 490 |
_aEstates Gazette _v(9603) 20 January 1996, 83-111(14) |
||
| 650 | _aBOGNOR REGIS | ||
| 650 | _aBRIGHTON | ||
| 650 | _aBURGESS HILL | ||
| 650 | _aCRAWLEY | ||
| 650 | _aEAST SUSSEX | ||
| 650 | _aEASTBOURNE | ||
| 650 | _aGATWICK AIRPORT | ||
| 650 | _aHASTINGS | ||
| 650 | _aHAYWARDS HEATH | ||
| 650 | _aHORSHAM | ||
| 650 | _aINDUSTRIAL MARKET | ||
| 650 | _aLITTLEHAMPTON | ||
| 650 | _aNEWHAVEN | ||
| 650 | _aPROPERTY-COMMERCIAL PROPERTY-OFFICE PROPERTY-OFFICE PROPERTY MARKET | ||
| 650 | _aPROPERTY-COMMERCIAL PROPERTY-RETAIL PROPERTY-RETAIL PROPERTY MARKET | ||
| 650 | _aTOURISM | ||
| 650 | _aWEST SUSSEX | ||
| 690 | _aPROPERTY-COMMERCIAL PROPERTY-COMMERCIAL PROPERTY MARKET | ||
| 942 | _n0 | ||
| 948 | _c04/03/1997 | ||
| 999 |
_c6008 _d6008 |
||